书目信息 |
| 题名: |
公共知识分子--衰落之研究
|
|
| 作者: | 理查德.A.波斯纳 ;徐昕 | |
| 分册: | ||
| 出版信息: | 北京 中国政法大学出版社 37591 |
|
| 页数: | 527页 | |
| 开本: | 20cm | |
| 丛书名: | ||
| 单 册: | ||
| 中图分类: | D01 | |
| 科图分类: | ||
| 主题词: | 阶级--理论 , 阶级斗争--理论 | |
| 电子资源: | ||
| ISBN: | 7-5620-2075-2 | |
| 000 | 00645nam0 2200205 450 | |
| 001 | 0728815141 | |
| 005 | 20070819080015.14 | |
| 010 | @a7-5620-2075-2@d¥38.00 | |
| 100 | @a20070819d km y0chiy0120 ea | |
| 101 | 0 | @achi |
| 200 | 1 | @a公共知识分子--衰落之研究@Agong gong zhi shi fen zi--shuai luo zhi yan jiu@f理查德.A.波斯纳@Fli cha de.A.bo si na@g徐昕@Gxu xin |
| 210 | @a北京@c中国政法大学出版社@d37591 | |
| 215 | @a527页@d20cm | |
| 606 | 0 | @a阶级@x理论 |
| 606 | 0 | @a阶级斗争@x理论 |
| 690 | @aD01@v3 | |
| 701 | 0 | @a理查德.A.波斯纳@Ali cha de.A.bo si na |
| 702 | 0 | @a徐昕@Axu xin |
| 801 | 0 | @aCN@bPFT@c20070819 |
| 905 | @a213230@dD01@eZW64@f1 | |
| 公共知识分子--衰落之研究/理查德.A.波斯纳/徐昕.-北京:中国政法大学出版社,37591 |
| 527页;20cm |
| ISBN 7-5620-2075-2:¥38.00 |
| ● |
| 相关链接 |
|
|
|
|
正题名:公共知识分子--衰落之研究
索取号:D01/ZW64
 
预约/预借
| 序号 | 登录号 | 条形码 | 馆藏地/架位号 | 状态 | 备注 |
| 1 | 7601432 | 276014322 | 密集书库-文学院/ [索取号:D01/ZW64] | 在馆 |